000 00766nam a2200265 a 4500
001 BRL_1387
005 20190320211159.0
008 100114s1973----nyuao#####---#000-0#eng-#
020 _a0442270518
041 _aeng
044 _anyu
050 4 _aNK3649.5
_b.R67 1973
100 1 _aRossbach, Ed.
_926734
245 1 0 _aBaskets as textile art
_cEd. Rossbach ; sponsored by the American Crafts Council.
260 _aNew York
_bVan Nostrand Reinhold
_c1973
300 _a199 p.
_bil., fotografías (blanco y negro)
_c28 cm.
500 _aAu1608
500 _aIncluye índice
504 _aBibliografía: p. 196-197.
650 1 4 _aCestería
_93973
650 1 4 _aCestas
_926735
710 2 _aAmerican Crafts Council
_926736
902 _aGRL
942 _2lcc
_cB
999 _c10198
_d10198